00615nam a2200181 a 45000010005000000030009000050080041000140400028000550820018000831000021001012450067001222600067001893000008002564900020002645000022002845050114003066500013004201207CO-ViMGA141112s2004 ck r 000 u spa d aCO-ViMGAbspacCO-ViMGA04a616.8983 F6821 aFoucault, Michel10aHistoria de la locura en la epoca clásica / cMichel Foucaul aSantafé de Bogotá : bFondo de Cultura Económica, c1994 a2 V aBreviarios, 191 aen coleccion v. 2 aEl gran miedo 24 - - La nueva separación 66 - - Del bue uso de la libertad 124 - - Nacimiento del asilo 19014aDEMENCIA